| 000 | 01579nam0a2200313 i 4500 | ||
|---|---|---|---|
| 001 | RU\NLR\bibl\2039045 | ||
| 005 | 20260408101657.0 | ||
| 010 |
_a9785940673705 _9150 |
||
| 021 |
_aRU _b2013-34604 _92370 |
||
| 035 | _a(NLR Aleph) 002026380 | ||
| 090 |
_a4529128 _c4529128 |
||
| 100 | _a20130603d2012 k||y0rusy50 ca | ||
| 101 | 0 | _arus | |
| 102 | _aRU | ||
| 105 | _aah z|||000yy | ||
| 200 | 1 |
_aОт текста к реальности: (не)возможности исторических реконструкций _eсборник статей _fРос. акад. наук, Ин-т всеобщ. истории РАН, Центр истории част. жизни и повседневности _gпод ред. О.И. Тогоевой, И.Н. Данилевского |
|
| 210 |
_aМосква _cИВИ РАН _d2012 |
||
| 215 |
_a217 с. _cил., цв. ил., факс. _d21 |
||
| 320 | _aБиблиогр. в подстроч. примеч. | ||
| 606 |
_aВсеобщая история _jИсточники и источниковедение _91324332 _3RU\NLR\AUTH\66234889 |
||
| 686 | 1 | _aТ3(0) 0,01 | |
| 702 | 1 |
_4340 _8rus _7ca _aТогоева _bО. И. _gОльга Игоревна _3RU\NLR\AUTH\7737468 _920456 |
|
| 712 | 0 | 2 |
_4570 _aИнститут всеобщей истории _cМосква _bЦентр истории частной жизни и повседневности _3RU\NLR\AUTH\8810240477 _9366810 |
| 801 | 0 |
_aRU _bNLR _c20130603 _gRCR |
|
| 801 | 1 |
_aRU _bNLR _c20130603 |
|
| 942 | _cBOOK | ||
| 980 | _aNBR | ||